000 00479nam a22002057a 4500
003 bpm
005 20260416125351.0
008 260416b |||||||| |||| 00| p spa d
020 _a9500301563
024 _aS. C. C. / M. C. y E. M.:
040 _aAR-CtUCP
041 _aspa
080 _aCDU
100 _aGuillén Nicolás
245 _aSóngoro cosongo
260 _aBuenos Aires
_bLosada
_c1997
650 _aLiteratura - Poesía
942 _cLIB
999 _c76658
_d76658